[Event "Junior Online 4NCL Division 3"]
[Site "online"]
[Date "2020.10.01"]
[Round "4.43"]
[White "Parizad, Anjal"]
[Black "Dickson, Josh"]
[Result "0-1"]
[WhiteElo "1000"]
[BlackElo "200"]
[PlyCount "92"]
[EventDate "2020.10.01"]
[WhiteTeam "Leicestershire Juniors 3"]
[BlackTeam "Dundee City"]

1. e4 Nc6 2. Nf3 e5 3. Bc4 Nf6 4. Ng5 Qe7 5. Nxf7 Rg8 6. d3 Na5 7. Ng5 Nxc4 8.
dxc4 c6 9. Nc3 a6 10. O-O b5 11. cxb5 axb5 12. Be3 Qd6 13. Qg4 Nxg4 14. Rad1
Nxe3 15. Rxd6 Bxd6 16. Re1 Nxc2 17. Rd1 Be7 18. Nxh7 Rh8 19. Rc1 Rxh7 20. Rxc2
b4 21. Ne2 Rxa2 22. g4 Ra1+ 23. Kg2 d5 24. Rxc6 Bxg4 25. Ng3 dxe4 26. Nxe4 Bh3+
27. Kf3 Ra3+ 28. bxa3 bxa3 29. Kg3 a2 30. Rc1 Bf5 31. f3 Bxe4 32. fxe4 Bg5 33.
Rd1 Bf4+ 34. Kg4 Rxh2 35. Kf5 Ke7 36. Kg4 Rd2 37. Ra1 Be3 38. Kf3 Bd4 39. Kg4
Bxa1 40. Kf5 Rf2+ 41. Kg6 Bd4 42. Kxg7 a1=Q 43. Kg6 Qa6+ 44. Kg5 Qf6+ 45. Kg4
Rg2+ 46. Kh5 Qh8# 0-1

[Event "Junior Online 4NCL Division 3"]
[Site "online"]
[Date "2020.10.01"]
[Round "4.44"]
[White "Dickson, Noah"]
[Black "Miles, Jacob"]
[Result "1/2-1/2"]
[WhiteElo "200"]
[BlackElo "1022"]
[PlyCount "75"]
[EventDate "2020.10.01"]
[WhiteTeam "Dundee City"]
[BlackTeam "Leicestershire Juniors 3"]

1. d4 d5 2. Nf3 Nc6 3. Nc3 Nf6 4. Bf4 e6 5. e3 a6 6. Bd3 Bd7 7. O-O Nb4 8. Be2
Bb5 9. Nxb5 axb5 10. Bxb5+ c6 11. Be2 Nxa2 12. c4 Nc3 13. Qd3 Na2 14. cxd5 cxd5
15. Qb5+ Nd7 16. Qxb7 Nc3 17. Rxa8 Qb8 18. Qxb8+ Ke7 19. Qe8+ Kf6 20. Be5+ Nxe5
21. dxe5+ Kf5 22. Qxf7+ Kg4 23. Nd4+ Nxe2+ 24. Nxe2 Kg5 25. Ra4 Bc5 26. Qxe6 g6
27. Qf6+ Kh6 28. Qxh8 g5 29. Qf6+ Kh5 30. g4+ Kh4 31. e6 Kh3 32. e7 Bxe7 33.
Qxe7 h6 34. e4 h5 35. exd5 hxg4 36. d6 g3 37. hxg3 g4 38. d7 1/2-1/2

[Event "Junior Online 4NCL Division 3"]
[Site "online"]
[Date "2020.10.01"]
[Round "4.45"]
[White "Vijayakumar, Rishi"]
[Black "Rahimifard, Cyrus"]
[Result "1-0"]
[WhiteElo "1002"]
[BlackElo "1127"]
[PlyCount "59"]
[EventDate "2020.10.01"]
[WhiteTeam "Dundee City"]
[BlackTeam "Leicestershire Juniors 3"]

1. Nf3 Nc6 2. d4 d5 3. e3 Nf6 4. Nbd2 Bf5 5. c3 e6 6. Bb5 a6 7. Bxc6+ bxc6 8.
Ne5 Qd6 9. Qa4 O-O-O 10. Qxa6+ Kb8 11. Nxc6+ Qxc6 12. Qxc6 Rd6 13. Qb5+ Rb6 14.
Qe2 h5 15. Nf3 Be4 16. Ng5 Bxg2 17. Rg1 Be4 18. Nxf7 Rh7 19. Ng5 Rh6 20. f3 Bf5
21. e4 Bh3 22. Nxh3 dxe4 23. Bxh6 gxh6 24. fxe4 Rd6 25. e5 Nd5 26. exd6 cxd6
27. Qxe6 Nf4 28. Nxf4 Be7 29. Qxe7 h4 30. Rg8# 1-0

[Event "Junior Online 4NCL Division 3"]
[Site "online"]
[Date "2020.10.01"]
[Round "4.46"]
[White "Abraham, Leo"]
[Black "Barron-Majerik, Alexander"]
[Result "0-1"]
[WhiteElo "1015"]
[BlackElo "221"]
[PlyCount "38"]
[EventDate "2020.10.01"]
[WhiteTeam "Leicestershire Juniors 3"]
[BlackTeam "Dundee City"]

1. e4 e5 2. Nf3 Nc6 3. Nc3 Nf6 4. Bc4 Bc5 5. d3 h6 6. O-O O-O 7. Be3 Bb6 8. d4
exd4 9. Nxd4 Nxd4 10. Bxd4 Bxd4 11. Qxd4 Re8 12. e5 Nh7 13. Qf4 Qe7 14. Nb5 Rf8
15. Nxc7 Qc5 16. Nxa8 b6 17. e6 Bb7 18. Nc7 Qc6 19. exd7 Qxg2# 0-1

[Event "Junior Online 4NCL Division 3"]
[Site "online"]
[Date "2020.10.01"]
[Round "4.47"]
[White "Dickson, Josh"]
[Black "Parizad, Anjal"]
[Result "1-0"]
[WhiteElo "200"]
[BlackElo "1000"]
[PlyCount "37"]
[EventDate "2020.10.01"]
[WhiteTeam "Dundee City"]
[BlackTeam "Leicestershire Juniors 3"]

1. d4 d5 2. Nf3 Nc6 3. Nc3 Bf5 4. Bf4 Nb4 5. Kd2 e6 6. a3 Bxc2 7. Qc1 Be4 8.
Nxe4 dxe4 9. axb4 exf3 10. exf3 Bxb4+ 11. Kd1 Qxd4+ 12. Bd2 O-O-O 13. Rxa7 Bxd2
14. Qc2 Bb4+ 15. Kc1 Bd2+ 16. Kb1 Qxf2 17. Ra8+ Kd7 18. Qd3+ Ke7 19. Qxd8# 1-0

[Event "Junior Online 4NCL Division 3"]
[Site "online"]
[Date "2020.10.01"]
[Round "4.48"]
[White "Miles, Jacob"]
[Black "Dickson, Noah"]
[Result "1-0"]
[WhiteElo "1022"]
[BlackElo "200"]
[PlyCount "109"]
[EventDate "2020.10.01"]
[WhiteTeam "Leicestershire Juniors 3"]
[BlackTeam "Dundee City"]

1. e4 e5 2. Nf3 Nc6 3. Bc4 Nf6 4. d3 Bc5 5. Nc3 d6 6. h3 Nd4 7. Nd5 Nxd5 8.
Nxd4 Bxd4 9. exd5 Bf5 10. O-O c5 11. dxc6 bxc6 12. Qf3 d5 13. Bb3 Qc8 14. c3 e4
15. dxe4 dxe4 16. Qf4 Bc5 17. Be3 Bxe3 18. Qxe3 O-O 19. Rad1 Rd8 20. Rxd8+ Qxd8
21. Rd1 Qc8 22. Qd4 g6 23. Qc4 Qe8 24. Ba4 Rc8 25. Rd6 c5 26. Bxe8 Rxe8 27. Rc6
h5 28. Qxc5 Be6 29. f4 Bxa2 30. f5 gxf5 31. Qxf5 e3 32. Kf1 e2+ 33. Ke1 Be6 34.
Qg5+ Kf8 35. Qc5+ Kg7 36. Kxe2 Bd7+ 37. Kd3 Bxc6 38. Qxc6 Rd8+ 39. Kc4 Rd2 40.
Kb3 f5 41. h4 f4 42. Qc5 Rxg2 43. Qd5 Rf2 44. Qg5+ Kf7 45. Qxh5+ Kf6 46. Qg5+
Kf7 47. Qh5+ Kg7 48. Qg4+ Kh6 49. Qg5+ Kh7 50. c4 f3 51. h5 a5 52. Qg6+ Kh8 53.
h6 a4+ 54. Kxa4 Rxb2 55. Qg7# 1-0

[Event "Junior Online 4NCL Division 3"]
[Site "online"]
[Date "2020.10.01"]
[Round "4.51"]
[White "Israni, Ishita"]
[Black "Kedikoglou, Elias"]
[Result "1-0"]
[WhiteElo "364"]
[BlackElo "1202"]
[PlyCount "27"]
[EventDate "2020.10.01"]
[WhiteTeam "East Kilbride Rooks"]
[BlackTeam "MCS Tenners"]

1. e4 c5 2. Nf3 Nc6 3. Nc3 d6 4. d4 cxd4 5. Nxd4 Nxd4 6. Qxd4 Qa5 7. Bd2 Nf6 8.
Nd5 Qb6 9. Nxb6 axb6 10. Qxb6 Nxe4 11. Qb5+ Bd7 12. Qxb7 Nc5 13. Qxa8+ Bc8 14.
Qxc8# 1-0

[Event "Junior Online 4NCL Division 3"]
[Site "online"]
[Date "2020.10.01"]
[Round "4.52"]
[White "Robinson, Jonas"]
[Black "Biswas, Snigdha"]
[Result "1-0"]
[WhiteElo "925"]
[BlackElo "300"]
[PlyCount "31"]
[EventDate "2020.10.01"]
[WhiteTeam "MCS Tenners"]
[BlackTeam "East Kilbride Rooks"]

1. e4 e5 2. Nf3 Nc6 3. Nc3 Nf6 4. Bc4 Bc5 5. d3 O-O 6. O-O d6 7. Bg5 Bd4 8. Qe2
Bxc3 9. bxc3 a6 10. Bb3 Bg4 11. h3 Bxf3 12. Qxf3 Na5 13. Qg3 h6 14. Bxh6 Nh5
15. Qg4 Nf6 16. Qxg7# 1-0

[Event "Junior Online 4NCL Division 3"]
[Site "online"]
[Date "2020.10.01"]
[Round "4.53"]
[White "Bhattacharjee, Aaditya"]
[Black "Pai, Ting-Kai"]
[Result "0-1"]
[WhiteElo "250"]
[BlackElo "812"]
[PlyCount "30"]
[EventDate "2020.10.01"]
[WhiteTeam "East Kilbride Rooks"]
[BlackTeam "MCS Tenners"]

1. e4 e5 2. Nf3 Nc6 3. Bc4 Nf6 4. Ng5 Bc5 5. d4 exd4 6. Nxf7 Qe7 7. f3 d5 8.
Nxh8 dxc4 9. Bg5 Qf8 10. Bxf6 gxf6 11. O-O Qxh8 12. c3 Be6 13. cxd4 Bxd4+ 14.
Kh1 O-O-O 15. Nc3 Bxc3 0-1

[Event "Junior Online 4NCL Division 3"]
[Site "online"]
[Date "2020.10.01"]
[Round "4.54"]
[White "King Bravo, Tomas"]
[Black "Vusikala, Tarun"]
[Result "1-0"]
[WhiteElo "700"]
[BlackElo "103"]
[PlyCount "73"]
[EventDate "2020.10.01"]
[WhiteTeam "MCS Tenners"]
[BlackTeam "East Kilbride Rooks"]

1. e4 c5 2. Nf3 Nc6 3. Bc4 e5 4. O-O Bd6 5. Nc3 Nf6 6. Nd5 Nxd5 7. exd5 Nd4 8.
Nxd4 cxd4 9. d3 O-O 10. Bd2 Qc7 11. g3 b5 12. Bxb5 a6 13. Bc4 Bb7 14. Qf3 Qc5
15. b3 Rac8 16. Qg4 Rfd8 17. Bh6 Kf8 18. Qxg7+ Ke8 19. Qxh7 Ke7 20. Bg5+ Ke8
21. Bxd8 Kxd8 22. Qg8+ Ke7 23. Qg5+ f6 24. Qg7+ Kd8 25. Qxf6+ Be7 26. Qxe5 d6
27. Qe6 Qb4 28. Rfe1 Bg5 29. Qe8+ Kc7 30. Qg6 Bd2 31. Re7+ Kb8 32. a3 Qc3 33.
Rf1 Qxc2 34. Qxd6+ Ka8 35. Bxa6 Bxa6 36. Qxa6+ Kb8 37. Qb7# 1-0

[Event "Junior Online 4NCL Division 3"]
[Site "online"]
[Date "2020.10.01"]
[Round "4.55"]
[White "Kedikoglou, Elias"]
[Black "Israni, Ishita"]
[Result "0-1"]
[WhiteElo "1202"]
[BlackElo "364"]
[PlyCount "102"]
[EventDate "2020.10.01"]
[WhiteTeam "MCS Tenners"]
[BlackTeam "East Kilbride Rooks"]

1. e4 e5 2. Nf3 Nc6 3. Bb5 d6 4. Nc3 a6 5. Bc4 Nf6 6. d4 Be6 7. d5 b5 8. Bb3 b4
9. Na4 Nd4 10. dxe6 fxe6 11. a3 bxa3 12. Rxa3 Nxe4 13. Nxd4 exd4 14. Qxd4 d5
15. Ra2 Rb8 16. Qe5 Qd7 17. Be3 Bd6 18. Qh5+ g6 19. Qh6 Bb4+ 20. c3 Bd6 21. Ba7
Rxb3 22. Qe3 Qb5 23. Bd4 Rf8 24. f3 Nf6 25. Qh6 e5 26. Be3 d4 27. Bd2 dxc3 28.
Bxc3 Nd5 29. Qxh7 Nxc3 30. Nxc3 Bb4 31. Qxg6+ Rf7 32. Qxa6 Bxc3+ 33. Kf2 Rxb2+
34. Kg3 Rg7+ 35. Kh3 Qd7+ 36. g4 Qf7 37. Qc8+ Ke7 38. Qxc7+ Kf8 39. Qd8+ Qe8
40. Qf6+ Rf7 41. Qa6 Rh7+ 42. Kg3 e4 43. Qf6+ Bxf6 44. Rxb2 Bxb2 45. Rb1 Qe5+
46. Kf2 Qd4+ 47. Kg3 e3 48. Re1 Qd2 49. Rb1 e2 50. Kf2 Bd4+ 51. Kg2 e1=Q# 0-1

[Event "Junior Online 4NCL Division 3"]
[Site "online"]
[Date "2020.10.01"]
[Round "4.56"]
[White "Biswas, Snigdha"]
[Black "Robinson, Jonas"]
[Result "1-0"]
[WhiteElo "300"]
[BlackElo "925"]
[PlyCount "83"]
[EventDate "2020.10.01"]
[WhiteTeam "East Kilbride Rooks"]
[BlackTeam "MCS Tenners"]

1. e4 e5 2. Nf3 Nc6 3. Nc3 Nf6 4. Bb5 a6 5. Bxc6 bxc6 6. Nxe5 d6 7. Nxc6 Qd7 8.
Nd4 c5 9. Nf3 Bb7 10. d4 cxd4 11. Nxd4 Nxe4 12. O-O Nxc3 13. bxc3 Be7 14. Nf3
Qc6 15. Rb1 O-O 16. Rb4 d5 17. Rg4 Bf6 18. Bh6 Bc8 19. Qd3 Bxg4 20. Nd4 Bxd4
21. Qxd4 f6 22. Be3 Rae8 23. Qxg4 Re4 24. Qg3 Qe6 25. Bh6 Rg4 26. Qh3 Rf7 27.
Be3 f5 28. f3 Qxe3+ 29. Rf2 Re7 30. fxg4 Qe1+ 31. Rf1 fxg4 32. Qxg4 Qxc3 33.
Qf3 Qd4+ 34. Qf2 Rf7 35. Qxd4 Rxf1+ 36. Kxf1 a5 37. Qxd5+ Kf8 38. c4 Ke7 39. c5
Ke8 40. c6 Ke7 41. c7 Kf6 42. c8=Q 1-0

[Event "Junior Online 4NCL Division 3"]
[Site "online"]
[Date "2020.10.01"]
[Round "4.57"]
[White "Pai, Ting-Kai"]
[Black "Bhattacharjee, Aaditya"]
[Result "0-1"]
[WhiteElo "812"]
[BlackElo "250"]
[PlyCount "44"]
[EventDate "2020.10.01"]
[WhiteTeam "MCS Tenners"]
[BlackTeam "East Kilbride Rooks"]

1. d4 Nf6 2. Bf4 d5 3. c4 e6 4. Nc3 Bb4 5. e3 Ne4 6. Nf3 f6 7. a3 Bxc3+ 8. bxc3
O-O 9. Bd3 f5 10. O-O Nd7 11. Ne5 Nxe5 12. Bxe5 b6 13. f3 Nxc3 14. Qc2 dxc4 15.
Bxc4 Nd5 16. Bxd5 Qxd5 17. Bxc7 Rf6 18. Rfe1 Rg6 19. e4 Qxd4+ 20. Kh1 fxe4 21.
Rxe4 Qxa1+ 22. Re1 Qxe1# 0-1

[Event "Junior Online 4NCL Division 3"]
[Site "online"]
[Date "2020.10.01"]
[Round "4.58"]
[White "Vusikala, Tarun"]
[Black "King Bravo, Tomas"]
[Result "0-1"]
[WhiteElo "103"]
[BlackElo "700"]
[PlyCount "40"]
[EventDate "2020.10.01"]
[WhiteTeam "East Kilbride Rooks"]
[BlackTeam "MCS Tenners"]

1. e4 e5 2. Nf3 Nc6 3. Bc4 Bc5 4. O-O Nf6 5. Nc3 d6 6. d3 Nd4 7. Nxd4 exd4 8.
Nd5 Nxd5 9. exd5 O-O 10. a3 Bd7 11. b4 b5 12. bxc5 bxc4 13. cxd6 cxd3 14. dxc7
Qxc7 15. cxd3 Qc3 16. Bd2 Qc6 17. Bb4 Qxd5 18. Bxf8 Rxf8 19. a4 Bc6 20. a5
Qxg2# 0-1

[Event "Junior Online 4NCL Division 3"]
[Site "online"]
[Date "2020.10.01"]
[Round "4.61"]
[White "Prashanth, Shashank"]
[Black "Shkuratovskyi, Makariy"]
[Result "0-1"]
[WhiteElo "992"]
[BlackElo "1375"]
[PlyCount "41"]
[EventDate "2020.10.01"]
[WhiteTeam "Leicestershire Juniors 5"]
[BlackTeam "KJCA Young Kestrels F"]

1. c4 e5 2. Nc3 Nf6 3. g3 d5 4. d3 c6 5. Bg2 Be6 6. e3 Bb4 7. Nge2 O-O 8. Bd2
Bd6 9. O-O Qd7 10. Re1 dxc4 11. d4 exd4 12. Nxd4 Be5 13. Nxe6 Qxe6 14. Rb1 Rd8
15. Qe2 Na6 16. Red1 Bxc3 17. Bxc3 Nc5 18. Rxd8+ Rxd8 19. b4 Na4 20. Bxf6 Qxf6
21. Qd2 0-1

[Event "Junior Online 4NCL Division 3"]
[Site "online"]
[Date "2020.10.01"]
[Round "4.62"]
[White "Allen, George"]
[Black "Sreenivas, Rohit"]
[Result "1-0"]
[WhiteElo "1390"]
[BlackElo "850"]
[PlyCount "35"]
[EventDate "2020.10.01"]
[WhiteTeam "KJCA Young Kestrels F"]
[BlackTeam "Leicestershire Juniors 5"]

1. b4 e5 2. Bb2 Bxb4 3. Bxe5 Qe7 4. Bxg7 Bd6 5. Bxh8 Be5 6. Bxe5 Qxe5 7. d4 Qb5
8. e4 Qb4+ 9. c3 Qb2 10. Qg4 Qxa1 11. Qxg8+ Ke7 12. Qg5+ Kd6 13. Qc5+ Ke6 14.
Bc4+ Kf6 15. Qe5+ Kg6 16. Qf5+ Kg7 17. Qxf7+ Kh8 18. Qf8# 1-0

[Event "Junior Online 4NCL Division 3"]
[Site "online"]
[Date "2020.10.01"]
[Round "4.63"]
[White "Jackson, Will"]
[Black "Heard, Ben"]
[Result "0-1"]
[WhiteElo "850"]
[BlackElo "1262"]
[PlyCount "60"]
[EventDate "2020.10.01"]
[WhiteTeam "Leicestershire Juniors 5"]
[BlackTeam "KJCA Young Kestrels F"]

1. e4 e5 2. Bb5 Nf6 3. f3 a6 4. Bc4 Bc5 5. d3 h6 6. Nc3 O-O 7. Nd5 Nxd5 8. exd5
b5 9. Bb3 a5 10. Ne2 a4 11. Bc4 bxc4 12. dxc4 d6 13. Bd2 Bf5 14. f4 c6 15. dxc6
Nxc6 16. b4 Nxb4 17. Bxb4 Bxb4+ 18. c3 Bc5 19. Rb1 Bxb1 20. Qxb1 Rb8 21. Qb5
Rxb5 22. cxb5 exf4 23. Nxf4 Re8+ 24. Kd2 Qg5 25. Rf1 Be3+ 26. Kd3 Bxf4 27. Rd1
Qd5+ 28. Kc2 Re2+ 29. Rd2 Qxd2+ 30. Kb1 Qd1# 0-1

[Event "Junior Online 4NCL Division 3"]
[Site "online"]
[Date "2020.10.01"]
[Round "4.64"]
[White "Oprea, Lucas"]
[Black "Abraham, Lexi"]
[Result "0-1"]
[WhiteElo "1255"]
[BlackElo "850"]
[PlyCount "30"]
[EventDate "2020.10.01"]
[WhiteTeam "KJCA Young Kestrels F"]
[BlackTeam "Leicestershire Juniors 5"]

1. e4 e5 2. Nf3 Nc6 3. Nc3 Nf6 4. Bb5 Bc5 5. Bxc6 bxc6 6. d3 d5 7. d4 exd4 8.
Nxd4 Nxe4 9. Nxe4 dxe4 10. c3 O-O 11. O-O Bxd4 12. cxd4 Re8 13. Bg5 Qxg5 14. h3
Bxh3 15. Qe2 Qxg2# 0-1

[Event "Junior Online 4NCL Division 3"]
[Site "online"]
[Date "2020.10.01"]
[Round "4.65"]
[White "Shkuratovskyi, Makariy"]
[Black "Prashanth, Shashank"]
[Result "1-0"]
[WhiteElo "1375"]
[BlackElo "992"]
[PlyCount "99"]
[EventDate "2020.10.01"]
[WhiteTeam "KJCA Young Kestrels F"]
[BlackTeam "Leicestershire Juniors 5"]

1. e4 b5 2. d4 e6 3. Nf3 c5 4. c3 Nc6 5. Be3 Bb7 6. Bxb5 d6 7. Bxc6+ Bxc6 8.
Nbd2 Be7 9. O-O Nf6 10. e5 Nd5 11. exd6 Bxd6 12. Re1 O-O 13. dxc5 Nxe3 14. Rxe3
Bxc5 15. Re2 Re8 16. Ne4 Qxd1+ 17. Rxd1 Bb6 18. Nd6 Red8 19. Red2 Ba4 20. b3
Bc6 21. Nc4 Rxd2 22. Rxd2 Bc7 23. Nfe5 Be4 24. f3 Bb7 25. Ng4 Rd8 26. Rxd8+
Bxd8 27. Kf2 h5 28. Nge3 Kh7 29. Kg3 g5 30. h4 Bc7+ 31. Kh3 f6 32. hxg5 fxg5
33. a4 Bc8 34. g4 e5 35. Kg2 h4 36. Nd5 Bd8 37. Nxe5 Bb7 38. Nb4 Bf6 39. Nf7
Bxc3 40. Na2 Bf6 41. Nd6 Bd5 42. Nc4 Kg7 43. Nb4 Be6 44. Nd3 Kf7 45. Kh3 Ke7
46. f4 gxf4 47. Nxf4 Bd7 48. Nd5+ Kf7 49. Nxf6 Kxf6 50. Kxh4 1-0

[Event "Junior Online 4NCL Division 3"]
[Site "online"]
[Date "2020.10.01"]
[Round "4.66"]
[White "Sreenivas, Rohit"]
[Black "Allen, George"]
[Result "0-1"]
[WhiteElo "850"]
[BlackElo "1390"]
[PlyCount "28"]
[EventDate "2020.10.01"]
[WhiteTeam "Leicestershire Juniors 5"]
[BlackTeam "KJCA Young Kestrels F"]

1. e4 e5 2. Nf3 Nc6 3. Bc4 Bc5 4. Ng5 Qxg5 5. Qf3 Nf6 6. d3 Qxc1+ 7. Qd1 Qf4 8.
O-O d6 9. Nc3 Qg5 10. Nd5 Nxd5 11. exd5 Bh3 12. Qf3 Bg4 13. Qg3 Nd4 14. f3 Nf5+
0-1

[Event "Junior Online 4NCL Division 3"]
[Site "online"]
[Date "2020.10.01"]
[Round "4.68"]
[White "Abraham, Lexi"]
[Black "Oprea, Lucas"]
[Result "1-0"]
[WhiteElo "850"]
[BlackElo "1255"]
[PlyCount "75"]
[EventDate "2020.10.01"]
[WhiteTeam "Leicestershire Juniors 5"]
[BlackTeam "KJCA Young Kestrels F"]

1. e4 Nc6 2. Nf3 Nf6 3. Nc3 e5 4. Bc4 Bc5 5. d3 O-O 6. O-O Nd4 7. Nxd4 exd4 8.
Nd5 Nxd5 9. Bxd5 Bd6 10. Re1 Bb4 11. c3 dxc3 12. b3 c2 13. Qe2 Bxe1 14. Qxe1
Qf6 15. Ba3 Qa6 16. Bxf8 Kxf8 17. Qe3 Qf6 18. Rc1 Qb2 19. Qf4 Qf6 20. Qxc7 d6
21. Rxc2 Be6 22. Bxb7 Re8 23. Qxd6+ Qe7 24. Qxe7+ Kxe7 25. Rc7+ Bd7 26. Bc6 Rd8
27. Rxa7 Kd6 28. Bxd7 Rxd7 29. Rxd7+ Kxd7 30. a4 Kc6 31. b4 Kb6 32. d4 Kc6 33.
b5+ Kb6 34. d5 Kc7 35. a5 Kb7 36. d6 Kc8 37. b6 Kd7 38. b7 1-0

[Event "Junior Online 4NCL Division 3"]
[Site "online"]
[Date "2020.10.01"]
[Round "4.71"]
[White "Kalavadia, Kunal"]
[Black "Ahmad, Amelia"]
[Result "0-1"]
[WhiteElo "700"]
[BlackElo "850"]
[PlyCount "58"]
[EventDate "2020.10.01"]
[WhiteTeam "Watford Juniors D"]
[BlackTeam "Blue Foxes"]

1. e3 e5 2. g3 Nc6 3. Nc3 h6 4. h4 Nf6 5. b3 Bb4 6. Nb1 Ne4 7. a3 Bd6 8. Bg2
Nf6 9. Bb2 O-O 10. Nc3 a6 11. Na2 Be7 12. Nc1 d5 13. c3 Bg4 14. f3 Bf5 15. c4
dxc4 16. bxc4 Qd7 17. Nge2 Rad8 18. O-O e4 19. Nb3 exf3 20. Bxf3 Bd3 21. Re1
Qh3 22. Nf4 Qxg3+ 23. Kh1 Qxh4+ 24. Kg2 Bd6 25. Rh1 Qg5+ 26. Kf2 Rde8 27. Qe1
Bxf4 28. Rg1 Qh4+ 29. Kg2 Qh2# 0-1

[Event "Junior Online 4NCL Division 3"]
[Site "online"]
[Date "2020.10.01"]
[Round "4.72"]
[White "Hilmi, Sofia"]
[Black "Bamania, Prayaan"]
[Result "1-0"]
[WhiteElo "790"]
[BlackElo "700"]
[PlyCount "75"]
[EventDate "2020.10.01"]
[WhiteTeam "Blue Foxes"]
[BlackTeam "Watford Juniors D"]

1. e4 e5 2. Nf3 Nc6 3. Nc3 Bc5 4. Bb5 a6 5. Bxc6 dxc6 6. d3 Be6 7. Bg5 Ne7 8.
O-O O-O 9. Nxe5 f6 10. d4 Bxd4 11. Ne2 fxg5 12. Nxd4 Qc8 13. Re1 Bg4 14. Nxg4
c5 15. Nb3 c4 16. Nd4 Rd8 17. c3 Nc6 18. Re3 b5 19. b3 b4 20. bxc4 bxc3 21. Rd3
c2 22. Qd2 Qxg4 23. Nxc6 Rxd3 24. Qxd3 Qf4 25. Qxc2 Qf6 26. Rb1 Qxc6 27. h3 Re8
28. Re1 Rf8 29. e5 Qb6 30. e6 Qa5 31. Re2 Re8 32. e7 Qb4 33. Qb3 Qd6 34. c5+
Qd5 35. Qxd5+ Kh8 36. Qf7 Rg8 37. e8=Q h5 38. Qexg8# 1-0

[Event "Junior Online 4NCL Division 3"]
[Site "online"]
[Date "2020.10.01"]
[Round "4.73"]
[White "Sriram, Gautam"]
[Black "Gadhia, Sai"]
[Result "1-0"]
[WhiteElo "700"]
[BlackElo "775"]
[PlyCount "141"]
[EventDate "2020.10.01"]
[WhiteTeam "Watford Juniors D"]
[BlackTeam "Blue Foxes"]

1. e4 e5 2. Nf3 Nc6 3. Bb5 Nf6 4. Bxc6 dxc6 5. Nxe5 Qe7 6. d4 Nxe4 7. Bf4 Qf6
8. O-O Qxf4 9. Nd3 Qg4 10. h3 Qxd1 11. Rxd1 Bf5 12. Re1 Kd8 13. Ne5 Bd6 14.
Nxf7+ Ke7 15. Nxh8 Rxh8 16. Re3 Be6 17. Rxe4 Rf8 18. Nc3 Rf5 19. Rg4 Rh5 20.
Rxg7+ Kf8 21. Rd7 Bxd7 22. Re1 Bf4 23. Re4 Bg5 24. Ne2 Bf5 25. Re5 Bf4 26. Nxf4
h6 27. Nxh5 Bxc2 28. Re6 Bd1 29. Rf6+ Ke7 30. Rxh6 Bc2 31. Nf4 Kf7 32. Nh5 Kg8
33. Nf6+ Kg7 34. Ng4 Bg6 35. Rh4 Bd3 36. Ne5 Bf5 37. Rh5 b6 38. Rxf5 Kh6 39.
Rf6+ Kg7 40. Rg6+ Kh7 41. Rxc6 Kg8 42. Rxc7 Kf8 43. d5 Ke8 44. Nf7 Kf8 45. d6
Ke8 46. d7+ Kxf7 47. d8=Q+ Ke6 48. Qd6+ Kxd6 49. Rxa7 Kc5 50. f4 b5 51. f5 Kd6
52. Rf7 Ke5 53. f6 Kf5 54. h4 Kg6 55. Rf8 Kh7 56. f7 Kg7 57. Ra8 Kxf7 58. Ra7+
Ke6 59. h5 Kf6 60. g4 Kg5 61. Rg7+ Kh6 62. Rg6+ Kh7 63. Kg2 b4 64. Kf3 b3 65.
axb3 Kh8 66. b4 Kh7 67. b5 Kh8 68. b6 Kh7 69. b7 Kh8 70. b8=Q+ Kh7 71. Qg8# 1-0

[Event "Junior Online 4NCL Division 3"]
[Site "online"]
[Date "2020.10.01"]
[Round "4.74"]
[White "Prashanth, Shrivats"]
[Black "Taylor, Tamuka"]
[Result "0-1"]
[WhiteElo "775"]
[BlackElo "700"]
[PlyCount "58"]
[EventDate "2020.10.01"]
[WhiteTeam "Blue Foxes"]
[BlackTeam "Watford Juniors D"]

1. e4 e5 2. Nf3 Nf6 3. Nc3 Nc6 4. d3 Bc5 5. Be3 Bxe3 6. fxe3 O-O 7. Qe2 d6 8.
d4 exd4 9. exd4 Bg4 10. d5 Bxf3 11. gxf3 Ne7 12. Rd1 c5 13. Na4 Qa5+ 14. Rd2
Qxa4 15. Rd1 Qxa2 16. Qd2 Qxb2 17. Rc1 Qb4 18. c3 Qa3 19. Bb5 a6 20. Bd3 Qa4
21. c4 b5 22. cxb5 axb5 23. Rb1 b4 24. Rb2 Qa1+ 25. Qd1 Qxb2 26. Bc2 Qc3+ 27.
Qd2 Qxd2+ 28. Kxd2 Ra2 29. Rc1 b3 0-1

[Event "Junior Online 4NCL Division 3"]
[Site "online"]
[Date "2020.10.01"]
[Round "4.75"]
[White "Ahmad, Amelia"]
[Black "Kalavadia, Kunal"]
[Result "1-0"]
[WhiteElo "850"]
[BlackElo "700"]
[PlyCount "23"]
[EventDate "2020.10.01"]
[WhiteTeam "Blue Foxes"]
[BlackTeam "Watford Juniors D"]

1. e4 e5 2. Nf3 Nc6 3. Bc4 Nh6 4. d3 f6 5. Bxh6 gxh6 6. h3 b6 7. Nfd2 a6 8.
Qh5+ Ke7 9. Qf7+ Kd6 10. Qd5+ Ke7 11. Nf3 Ke8 12. Qf7# 1-0

[Event "Junior Online 4NCL Division 3"]
[Site "online"]
[Date "2020.10.01"]
[Round "4.76"]
[White "Bamania, Prayaan"]
[Black "Hilmi, Sofia"]
[Result "0-1"]
[WhiteElo "700"]
[BlackElo "790"]
[PlyCount "31"]
[EventDate "2020.10.01"]
[WhiteTeam "Watford Juniors D"]
[BlackTeam "Blue Foxes"]

1. d4 d5 2. Bf4 Nc6 3. Nf3 Nf6 4. Nc3 Bg4 5. h3 Bxf3 6. gxf3 e6 7. Nb5 Bd6 8.
Qd2 a6 9. Nxd6+ cxd6 10. e3 O-O 11. Bd3 Qb6 12. O-O Rfe8 13. Bxd6 Rac8 14. Rad1
Qd8 15. a3 Qxd6 16. Qb4 0-1

[Event "Junior Online 4NCL Division 3"]
[Site "online"]
[Date "2020.10.01"]
[Round "4.77"]
[White "Gadhia, Sai"]
[Black "Sriram, Gautam"]
[Result "0-1"]
[WhiteElo "775"]
[BlackElo "700"]
[PlyCount "84"]
[EventDate "2020.10.01"]
[WhiteTeam "Blue Foxes"]
[BlackTeam "Watford Juniors D"]

1. e4 e5 2. Nf3 Bd6 3. Nc3 Nf6 4. g4 Nxg4 5. Nd5 c6 6. Nb4 Bxb4 7. Nxe5 Nxe5 8.
c3 Bc5 9. b4 Bd6 10. c4 Ng6 11. c5 Be5 12. Rb1 O-O 13. Rb3 Re8 14. d4 Bc7 15.
d5 Rxe4+ 16. Be2 cxd5 17. Qxd5 Qe8 18. f3 Rxe2+ 19. Kd1 Nf4 20. b5 Nxd5 21. f4
Qe4 22. a3 Ra2 23. Rb2 Qxh1+ 24. Kc2 Qg2+ 25. Bd2 Ra1 26. Rb1 Rxa3 27. Rb3 Qe4+
28. Kb2 Ra5 29. h3 Qd4+ 30. Bc3 Qf2+ 31. Bd2 Ra4 32. Rd3 Rb4+ 33. Ka3 Qxc5 34.
Bxb4 Qxb5 35. Bc3 Qxd3 36. Kb3 Qxc3+ 37. Ka2 Nc6 38. Kb1 Bxf4 39. h4 d6 40. h5
Bf5+ 41. Ka2 Re8 42. h6 Re2# 0-1

[Event "Junior Online 4NCL Division 3"]
[Site "online"]
[Date "2020.10.01"]
[Round "4.78"]
[White "Taylor, Tamuka"]
[Black "Prashanth, Shrivats"]
[Result "1-0"]
[WhiteElo "700"]
[BlackElo "775"]
[PlyCount "33"]
[EventDate "2020.10.01"]
[WhiteTeam "Watford Juniors D"]
[BlackTeam "Blue Foxes"]

1. e4 e5 2. Nf3 Nc6 3. Bc4 f6 4. Nc3 Bc5 5. Bxg8 Rxg8 6. O-O Rh8 7. d3 d6 8.
Be3 d5 9. exd5 Qd6 10. Bxc5 Qxc5 11. Qd2 Bf5 12. Qd1 e4 13. dxe4 Bd7 14. dxc6
bxc6 15. Qd2 Rd8 16. Na4 Qa5 17. Qxa5 1-0